| 000 | 00000nam##2200000za#4500 |
| 001 | 9.608165 |
| 003 | CaOODSP |
| 005 | 20210624213505 |
| 007 | cr ||||||||||| |
| 008 | 150406|2014||||xxc|||||o f|0| 0 fre|d |
| 040 | |aCaOODSP|bfre |
| 043 | |an-cn--- |
| 086 | 1 |aFs70-5/2014-083F-PDF |
| 110 | 1 |aCanada. |bMinistère des pêches et des océans. |
| 245 | 10|aÉvaluation de la conformité avec l'approche de précaution des règles de décision relatives au stock de crabes des neiges (Chionoescetes opilio) du sud du Golfe du Saint-Laurent / |h[ressource électronique]|c[par] G. Chaput et Groupe de travail mixte MPO/Industrie sur les règles de décision pour le crabe des neiges du sud du golfe du Saint-Laurent. |
| 260 | |aMoncton - Nouveau-Brunswick : |bPêches et Océans Canada |cDécembre 2014. |
| 300 | |a67p.|bfigures en couleur, références, tableaux |
| 490 | 1 |aSecrétariat canadien de consultation scientifique, document de recherche|v2014/083, Région du Golfe |
| 546 | |aTexte en français, résumé en deux langues. |
| 590 | |a15-01|b2015-01-02 |
| 775 | 08|tEvaluation of compliance to the precautionary approach of harvest decision rules for the snow crab (Chionoecetes opilio) stock of the southern Gulf of St. Lawrence / |w(CaOODSP)9.581356 |
| 830 | #0|aDocument de recherche (Secrétariat canadien de consultation scientifique)|v2014/083, Région du Golfe|w(CaOODSP)9.503788 |
| 856 | 40|ahttp://publications.gc.ca|qPDF|s1.33 Mo|uhttps://publications.gc.ca/collections/collection_2014/mpo-dfo/Fs70-5-2014-083-fra.pdf|y2014/083, Région du Golfe |